European Capitals with no Hints - Statistics

General Stats
  • This quiz has been taken 40 times
  • The average score is 37 of 45
Answer Stats
Capital % Correct
Brussels
93%
Budapest
93%
Rome
93%
Amsterdam
90%
Berlin
90%
Lisbon
90%
London
90%
Madrid
90%
Paris
90%
Warsaw
90%
Zagreb
90%
Dublin
87%
Helsinki
87%
Kyiv
87%
Oslo
87%
Prague
87%
Sofia
87%
Vatican City
87%
Athens
83%
Bern
83%
Luxembourg
83%
Stockholm
83%
Vienna
83%
Bucharest
80%
Copenhagen
80%
Minsk
80%
Monaco
80%
San Marino
80%
Tallinn
80%
Vilnius
80%
Andorra la Vella
77%
Belgrade
77%
Bratislava
77%
Moscow
77%
Reykjavik
77%
Riga
77%
Chisinau
73%
Ljubljana
73%
Pristina
73%
Sarajevo
73%
Tirana
73%
Valetta
73%
Skopje
70%
Podgorica
67%
Vaduz
67%
No matching quizzes found
Score Distribution
Percent of People with Each Score
Percentile by Number Answered
Your Score History
You have not taken this quiz